000 00572nam a2200169Ia 4500
008 110201s9999 xx 000 0 und d
082 _bB5932
_aK 1999
100 _aलॉपिअरे डॉमिनिक
245 _aसिटी ऑफ जॉय
260 _bमेहता पब्लिशिंग हाऊस
365 _b300
600 _aलॉपिअरे डॉमिनिक
630 _aसिटी ऑफ जॉय
700 _aलॉपिअरे डॉमिनिक
730 _aसिटी ऑफ जॉय
942 _cBOOK
999 _c831654
_d831651